000 00475nam a2200157Ia 4500
008 090711s9999 xx 000 0 und d
082 _b17877
100 _aआपटे ना. ह.
245 _aआराम विराम
260 _bआपटे आणि मंडळी
_c1949
600 _aआपटे ना. ह.
630 _aआराम विराम
700 _aआपटे ना. ह.
730 _aआराम विराम
942 _cBOOK
999 _c328223
_d328223